Semitic Languages - Statistics

General Stats
  • This quiz has been taken 141 times
    102 since last reset
  • The average score is 5 of 8
Answer Stats
Numbers Languages % Correct
300 million Arabic
100%
6-9 million Hebrew
98%
22 million Amharic
83%
7 million Tigrinya
69%
1 million Aramaic
67%
520, 000 Maltese
49%
1 million Tigre
39%
1 million Tuareg
4%
No matching quizzes found
Score Distribution
Percent of People with Each Score
Percentile by Number Answered
Your Score History
You have not taken this quiz since the last reset